Chansons d'Orelsan par paroles (partie 3) - Statistiques

Statistiques générales
  • Ce quiz a été pris 166 fois
  • Le résultat moyen est 8 sur 15
Statistiques - réponses
Hint Réponse % Correct
Vincent, t'as l'même âge que moi, pourquoit'es quand même plus vieux ? Défaite de famille
93%
Ton intelligence est pure, tu manipulespersonne. Quand on t'arrête dans la rue tu discutes, jamais tu juges personne. Athéna
78%
J'croyais qu'en étant connu, ça résoudraistous mes problèmes, fini de taffer comme un connard et pas pouvoir s'payer un grec. Quand est-ce que ça s'arrête ?
65%
Elle fait toujours en sorte que chacun mangeà trois fois sa faim, elle peut vivre 6 mois sans mettre un pied dans un magasin, parce que c'est pas donné. Un franc est un franc, même si tu change la monnaie. Mes grands-parents
59%
Les textos dans les virages, chaufferl'moteur dans l'garage, les tatouages sur le visage, mmmm, nan. Mauvaise idée
57%
Y'avait mes affaires sur le palierprès d'un mot sur la porte, "Récupère déjà la moitié, j'enverrais l'autre par la poste". Alors j'ai sonné jusqu'à choper des cloques au bout des doigts, après deux heures j'abandonnais l'espoir de rentrer chez moi. Finir mal
55%
Elle bosse le soir pour payer ses cours de droits,19 mois, on s'est pris la tête 2 fois, à cause de moi ! Double vie
52%
J'te promet d'avoir des doutes, parce quedouter c'est l'contraire de s'en foutre. Ensemble
52%
Un jour tu t'rends compte que personnen'écoute tes histoires, t'étais un jeune cool, maintenant t'es plus qu'un oncle bizarre. La fête est finie
51%
T'inventais une expression, j'étais fier de la reprendre. La morale
49%
Vous savez très bien que j'suis facile à séduire,j'ai pas encore de famille, vous voulez déjà la détruire. Adieu les filles
40%
Ah, c'est marrant, ça m'fait pas marrer. Casseurs Flowters Infinity
38%
La première fois qu'j'ai vu la scène éclairée dans l'noir, j'avais du mal à croire que cette fois c'était pour moi. On a gagné
35%
J'dis pas qu'c'est nul d'être riche, j'dis comment t'es richec'est nul. Ok... Super...
22%
Vert, parc'qu'on va s'faire rattraper par la Terre, noir, pour les erreurs qu'on a faits et qu'on va faire, bleu et rouge parce que j'me base sur mon pays. J'enlève le blanc pour évoluer, parfois 'faut détruire, shuriken parce que c'est stylé, faut savoir kiffer, pour se défendre, mais ça reste une étoile, donc on peut prier. Damier, comme ça tout le monde peut s'l'approprier J'étais tout seul, on est des milliers. Civilisation perdue
19%
Aucun quiz correspondant
Distribution des résultats
% des personnes avec chaque résultat
Percentile par nombre de réponses
Votre historique - résultats
Vous n’avez pas pris ce quiz